Electronic Arts (EA) Video Game Franchises - Statistics

General Stats
  • This quiz has been taken 79 times
  • The average score is 5 of 10
Answer Stats
Description Franchise % Correct
A rival to the Call of Duty series focused more on squad combat and tactics.Started with 1942 and includes other games like Hardline Battlefield
95%
Another racing series with police chases, drifting, and car customization. Games include Underground, Hot Pursuit, and Most Wanted. Need for Speed
81%
Play as engineer Isaac Clarke battling mutated horrors created by artifacts known as Red Markers. Dead Space
61%
In a land called Thedas play as a member of the Grey Wardens in the first title RPG, or a member of the Hawke family in the sequel action based game. Games include Inquisition and Origins. Dragon Age
58%
Save humanity as Commander Shepard through a trilogy of character-driven space-faring games. Includes many different races such as Turians, Quarians, and Asari Mass Effect
58%
A rival series to Tony Hawk, this franchise features "flick-it" tricks and a more grounded realistic style of play. Three games are in the series. Skate
54%
A racing series with a crash mode picked up by EA in the third game of the series.Games include Takedown, Paradise, and Revenge. Burnout
51%
A shooter franchise that features the Office of Strategic Services (OSS) in WWII in covert operations and in later games, more frontline gameplay. Games include Underground, Frontline, and Vanguard Medal of Honor
42%
A Base Constructing Real Time Strategy series played from different story perspectives. Games include Red Alert, Renegade and Tiberium Wars Command and Conquer
39%
An Open-World RPG series started in 1981 with three trilogies set in different Ages such as Darkness, Englightenment, and Armageddon. Later games introduce a system of "Virtues" to aspire to in gameplay. Ultima
11%
No matching quizzes found
Score Distribution
Percent of People with Each Score
Percentile by Number Answered
Your Score History
You have not taken this quiz